Tretej možnosti niet K 25. výročiu Medzinárodnej agentúry pre atómovú energiu

Bibliographic Details
Main Author: Halas, Juraj, 1953-2019 (Author)
Format: Article
Language:Slovak
Subjects:

MARC

LEADER 00000nab a2200000 a 4500
001 vtls000120841
003 SK-MaSNL
005 20260304215742.0
008 111104c1982 xo 0 slo
015 |a SNBRB19rr/mm-uuuuu 
035 |a CL0130946 
040 |a SNKBUCL  |b slo  |c SNKBUCL  |e AACR2 
041 0 |a slo 
044 |a xo  |c SK 
080 |a 621.039  |2 1981 
100 1 |a Halas, Juraj,  |d 1953-2019  |4 aut  |9 181897 
245 1 0 |a Tretej možnosti niet  |b K 25. výročiu Medzinárodnej agentúry pre atómovú energiu  |c Juraj Halas 
650 0 7 |a jadrová energia  |2 snkbucl  |9 69291 
650 0 7 |a Medzinárodná agentúra pre atómovú energiu  |2 snkbucl  |9 920391 
655 7 |a články z novín a časopisov  |2 snkbucl  |9 267496 
773 0 |t Pravda  |g Roč. 63, č. 179 (30. 7. 1982), s. 6 
850 |a Slovenská národná knižnica v Martine  |a MTA001 
852 |a SNK  |b KIS3GCP 
958 |a RK 
992 |a RBX 
999 |c 3147955  |d 3149885